MARC

LEADER 00000nam0a2200000 4500
001 292731
005 20231102000526.0
035 |a (RuTPU)RU\TPU\book\317367 
090 |a 292731 
100 |a 20150424d1983 k y0rusy50 ca 
101 0 |a rus 
102 |a RU 
105 |a a z 001zy 
200 1 |a Исследование крановых механизмов и металлоконструкций  |e сборник научных трудов  |f Всесоюзный научно-исследовательский институт подъемно-транспортного машиностроения (ВНИИПТМАШ) ; под ред. А. Х. Комашенко 
210 |a Москва  |c Изд-во ВНИИПТМАШ  |d 1983 
215 |a 154 с.  |c ил. 
320 |a Библиография в конце статей 
606 1 |a Подъемные краны мостовые  |x Исследование  |2 stltpush  |3 (RuTPU)RU\TPU\subj\49892  |9 68653 
610 1 |a концевые балки 
610 1 |a напряженное состояние 
610 1 |a крановые механизмы 
610 1 |a расчет 
610 1 |a режим работы 
610 1 |a оценка 
610 1 |a техническое обслуживание 
675 |a 621.874.001  |v 3 
702 1 |a Комашенко  |b А. Х.  |4 340 
712 0 2 |a Всесоюзный научно-исследовательский институт подъемно-транспортного машиностроения (ВНИИПТМАШ)  |c (Москва)  |c (1941- )  |2 stltpush  |3 (RuTPU)RU\TPU\col\11904 
801 1 |a RU  |b 63413507  |c 20150424 
801 2 |a RU  |b 63413507  |c 20160622  |g RCR 
942 |c BK